| 000 | 00627 a2200217 4500 | ||
|---|---|---|---|
| 003 | Nust | ||
| 005 | 20170207153549.0 | ||
| 010 | _a 72013839 | ||
| 020 | _a0070583099 | ||
| 040 | _cNust | ||
| 082 | 0 | 0 | _a621.381 |
| 100 | 1 | _aSlurzberg, Morris. | |
| 245 | 1 | 0 |
_aEssentials of communication electronics _c[by] Morris Slurzberg [and] William Osterheld. |
| 250 | _a3d ed. | ||
| 260 |
_aNew York, _bMcGraw-Hill _c[1973] |
||
| 300 |
_axv, 791 p. _billus. _c24 cm. |
||
| 500 | _aFirst ed. published in 1948 under title: Essentials of radio. | ||
| 650 | 0 | _aElectronics. | |
| 650 | 0 | _aTelecommunication. | |
| 700 | 1 | _aOsterheld, William, | |
| 942 |
_2ddc _cBK |
||
| 999 |
_c188773 _d188773 |
||